01758nam a22002897a 4500001000400000003000600004005001700010008004100027020001800068040002900086050000800115082001100123100002000134245003300154260003600187300001900223505000600242520098100248521001801229521001801247650001001265650001001275650001201285942001501297999001301312952014301325285FISKH20230316114620.0230316b cb ||||| |||| 00| 0 eng d a9780857071316 aFISKHbengcFISKHdFISKH aPZ7 a823.92 aGriffiths, Mark aSpace lizards stole my brain aLondonbSimon and Shusterc2011 a251 p.c20 cm. aM aWhen Admiral Skink, an alien-lizard warlord from the planet Swerdlix, is attacked by The Hideous and Unimaginably Vast Comet Creature of Poppledock he faces a certain death... but luckily his underlings have installed the BrainTwizzler 360 Mind Migration SystemTM. This nifty invention safely transfers Skink's mind on to a memory wafer and jettisons it through space to find a suitable temporary "home" until he can be rescued by his fellow Swerdlixians. Unluckily for eleven-year-old Lance Spratley it just so happens that the temporary home for Admiral Skink's mind is his body! And while Skink deals with being trapped in Lance's useless body - it can't even breathe fire! - Lance is transferred to a virtual waiting room surrounded by the lizard race who seem intent on destroying Earth when they have successfully retrieved Skink.Will Lance ever get his body back? And even if he does will he be able to thwart Admiral Skink and the Swerdlixians plans to invade Earth...8 a700 bLexile8 aM bRaz-Plus aspace aalens alizards 2ddccBKn0 c285d285 00102ddc40708JUVFa001b001cTK Campus Floor 1 Room 103d2023-03-16l0oGRI 823.92 PZ7p2023-0023r2023-03-16 00:00:00w2023-03-16yBK